Essential world atlas

Shranjeno v:
Bibliografske podrobnosti
Format: Knjiga
Jezik:Undetermined
Izdano: London, England Dorling Kindersley 2005
Teme:
Oznake: Označite
Brez oznak, prvi označite!
Thư viện lưu trữ: Trung tâm Học liệu Trường Đại học Cần Thơ
LEADER 00479nam a2200181Ia 4500
001 CTU_124108
008 210402s9999 xx 000 0 und d
020 |c 235000 
082 |a 912 
082 |b E78 
245 0 |a Essential world atlas 
245 0 |c Chief editor: Andrew Heritage 
260 |a London, England 
260 |b Dorling Kindersley 
260 |c 2005 
650 |a Atlases,Bản đồ 
904 |i Minh 
980 |a Trung tâm Học liệu Trường Đại học Cần Thơ